<?xml version="1.0" encoding="UTF-8"?>
<record
    xmlns:xsi="http://www.w3.org/2001/XMLSchema-instance"
    xsi:schemaLocation="http://www.loc.gov/MARC21/slim http://www.loc.gov/standards/marcxml/schema/MARC21slim.xsd"
    xmlns="http://www.loc.gov/MARC21/slim">

  <leader>00886nam a22002537a 4500</leader>
  <controlfield tag="005">20170123162344.0</controlfield>
  <datafield tag="010" ind1=" " ind2=" ">
    <subfield code="a">A-835190</subfield>
  </datafield>
  <datafield tag="020" ind1=" " ind2=" ">
    <subfield code="c">80.00</subfield>
  </datafield>
  <datafield tag="035" ind1=" " ind2=" ">
    <subfield code="a">A-835190</subfield>
  </datafield>
  <datafield tag="037" ind1=" " ind2=" ">
    <subfield code="b">Cen Lib/Ret</subfield>
  </datafield>
  <datafield tag="040" ind1=" " ind2=" ">
    <subfield code="a">DPL</subfield>
    <subfield code="b">UR</subfield>
  </datafield>
  <datafield tag="082" ind1=" " ind2=" ">
    <subfield code="a">305.56</subfield>
    <subfield code="b">&#x634; &#x645; &#x6CC; </subfield>
  </datafield>
  <datafield tag="100" ind1=" " ind2=" ">
    <subfield code="a">&#x634;&#x645;&#x6CC;&#x645; &#x627;&#x62E;&#x62A;&#x631; </subfield>
    <subfield code="9">129883</subfield>
  </datafield>
  <datafield tag="245" ind1=" " ind2=" ">
    <subfield code="a">&#x627;&#x633;&#x644;&#x627;&#x645;&#x6CC; &#x627;&#x62F;&#x628;&#x6CC; &#x62E;&#x637;&#x648;&#x637; &#x627;&#x648;&#x631; &#x646;&#x6D2; &#x632;&#x627;&#x648;&#x6CC;&#x6D2; /</subfield>
    <subfield code="c">&#x634;&#x645;&#x6CC;&#x645; &#x627;&#x62E;&#x62A;&#x631; </subfield>
  </datafield>
  <datafield tag="246" ind1=" " ind2=" ">
    <subfield code="a">Islami khatoot aur naye zaviye /</subfield>
    <subfield code="b">by Shamim Akhtar</subfield>
  </datafield>
  <datafield tag="260" ind1=" " ind2=" ">
    <subfield code="a">&#x646;&#x6CC;&#x6CC; &#x62F;&#x6C1;&#x644;&#x6CC; </subfield>
    <subfield code="b">&#x62D;&#x6CC;&#x627; &#x67E;&#x628;&#x644;&#x634;&#x646;&#x6AF; &#x6C1;&#x627;&#x624;&#x633; </subfield>
    <subfield code="c">1995</subfield>
  </datafield>
  <datafield tag="270" ind1=" " ind2=" ">
    <subfield code="b">&#x646;&#x6CC;&#x6CC; &#x62F;&#x6C1;&#x644;&#x6CC; </subfield>
    <subfield code="a">&#x661;&#x662;&#x665;&#x60C; &#x62D;&#x648;&#x636; &#x631;&#x627;&#x646;&#x6CC; &#x645;&#x644;&#x648;&#x627;&#x6CC;&#x627; &#x646;&#x6AF;&#x631; </subfield>
    <subfield code="e">110017</subfield>
  </datafield>
  <datafield tag="300" ind1=" " ind2=" ">
    <subfield code="a">111p.</subfield>
    <subfield code="c">21cm(Hb)</subfield>
  </datafield>
  <datafield tag="650" ind1=" " ind2=" ">
    <subfield code="a">&#x62A;&#x639;&#x644;&#x6CC;&#x645; - &#x62E;&#x648;&#x627;&#x646;&#x62F;&#x6AF;&#x6CC;</subfield>
    <subfield code="9">116979</subfield>
  </datafield>
  <datafield tag="650" ind1=" " ind2=" ">
    <subfield code="a"> &#x627;&#x633;&#x644;&#x627;&#x645;&#x6CC; &#x62A;&#x639;&#x644;&#x6CC;&#x645;</subfield>
    <subfield code="9">646</subfield>
  </datafield>
  <datafield tag="650" ind1=" " ind2=" ">
    <subfield code="a">Education -- Literary</subfield>
    <subfield code="9">129884</subfield>
  </datafield>
  <datafield tag="650" ind1=" " ind2=" ">
    <subfield code="a">Islamic education</subfield>
    <subfield code="9">116986</subfield>
  </datafield>
  <datafield tag="942" ind1=" " ind2=" ">
    <subfield code="2">ddc</subfield>
    <subfield code="c">UR</subfield>
    <subfield code="h">305.56</subfield>
    <subfield code="m">&#x634; &#x645; &#x6CC; </subfield>
  </datafield>
  <datafield tag="999" ind1=" " ind2=" ">
    <subfield code="c">108761</subfield>
    <subfield code="d">108761</subfield>
  </datafield>
  <datafield tag="952" ind1=" " ind2=" ">
    <subfield code="0">0</subfield>
    <subfield code="1">0</subfield>
    <subfield code="4">0</subfield>
    <subfield code="7">0</subfield>
    <subfield code="a">L</subfield>
    <subfield code="b">L</subfield>
    <subfield code="d">2016-02-03</subfield>
    <subfield code="e">Cen Lib/Ret</subfield>
    <subfield code="g">80.00</subfield>
    <subfield code="l">0</subfield>
    <subfield code="o">305.56 &#x634; &#x645; &#x6CC;</subfield>
    <subfield code="p">A-835190</subfield>
    <subfield code="r">2016-02-03 00:00:00</subfield>
    <subfield code="t">1</subfield>
    <subfield code="v">80.00</subfield>
    <subfield code="w">2016-02-03</subfield>
    <subfield code="y">UR</subfield>
  </datafield>
</record>
